000 00715nam a2200229 i 4500
001 22047
003 ES-MaACL
005 20251113132055.0
007 t|
008 021129s1959 sp ||||1| spa d
080 _a32(460)"1939/..."
080 _a946
245 0 1 _a¿Qué hacemos? /
_cpor un alférez provisional (seud.).
260 _aMadrid :
_bPunta Europa,
_c1959.
300 _a126 p. ;
_c19 cm.
594 _aAtribuido a Lucas María Oriol y Urquijo
651 4 _aEspaña-
_xHistoria-
_y1939-1975, Dictadura.
_9167928
651 4 _aEspaña-
_xHistoria-
_xFilosofía.
_98344
700 1 _aOriol y Urquijo, Lucas María de,
_d1910-2003
_9174689
852 4 _aES-MaACL
_jC-17262
999 _c22047
_d22047